000
00336 a2200157 4500
001
71298
020
_a
8530502280
040
_c
Anchieta - Colégio São Paulo
100
_a
Belinky, Tatiana
240
1
0
_a
Diversidade
_l
por
245
1
0
_a
Diversidade
300
_a
35
362
0
_a
1999
650
4
_a
Literatura infantil
942
_c
BK
999
_c
71298
_d
71298